书目信息 |
| 题名: |
皖南事变回忆录
|
|
| 作者: | 李明 , 傅秋涛 编 | |
| 分册: | ||
| 出版信息: | 合肥 安徽人民出版社 1983 |
|
| 页数: | 269页 | |
| 开本: | 21cm | |
| 丛书名: | ||
| 单 册: | ||
| 中图分类: | K264.22 | |
| 科图分类: | ||
| 主题词: | 中国--历史 | |
| 电子资源: | ||
| ISBN: | ||
| 000 | 00660nam0 2200241 45 | |
| 001 | 0183003719 | |
| 005 | 20060817162530.35 | |
| 010 | @dCNY1.10 | |
| 091 | @a11102.39 | |
| 100 | @a19950413d1983 em y0chiy0121 ea | |
| 101 | 0 | @achi |
| 102 | @aCN@b340000 | |
| 105 | @af z 000yy | |
| 200 | 10 | @a皖南事变回忆录@Awan nan shi bian hui yi lu@f杨明, 傅秋涛编 |
| 210 | @a合肥@c安徽人民出版社@d1983 | |
| 215 | @a269页@c照片,地图@d21cm | |
| 606 | 0 | @a中国@x历史 |
| 690 | @aK264.22@v3 | |
| 701 | 0 | @a李明@Ali ming@4编 |
| 701 | 0 | @a傅秋涛@Afu qiu tao@4编 |
| 801 | 0 | @aCN@b上海图书馆@c20060817 |
| 801 | 2 | @aCN@bNLC@c20060727 |
| 905 | @dK264.22@e16@f2@b100602-603 | |
| 皖南事变回忆录/杨明, 傅秋涛编.-合肥:安徽人民出版社,1983 |
| 269页:照片,地图;21cm |
| ISBN :CNY1.10 |
| ● |
| 相关链接 |
|
|
|
|
正题名:皖南事变回忆录
索取号:K264.22/16
 
预约/预借
| 序号 | 登录号 | 条形码 | 馆藏地/架位号 | 状态 | 备注 |
| 1 | 0100601 | 001660802 | 密集书库/ [索取号:K264.22/16] | 在馆 | |
| 2 | 0100602 | 000353094 | 第二借阅区/ [索取号:K264.22/16] | 在馆 | |
| 3 | 0100603 | 000353101 | 第二借阅区/ [索取号:K264.22/16] | 在馆 | |
| 4 | 0100604 | 001660768 | 密集书库/ [索取号:K264.22/16] | 在馆 | |
| 5 | 0100605 | 000353129 | 第二样本阅览室/ [索取号:K264.22/16] | 在馆 | |
| 6 | 0436619 | 204366195 | 密集书库/ [索取号:K264.22/16] | 在馆 | |
| 7 | 0466351 | 204663514 | 密集书库/ [索取号:K264.22/16] | 在馆 |